<?xml version="1.0" encoding="UTF-8"?>
<record
    xmlns:xsi="http://www.w3.org/2001/XMLSchema-instance"
    xsi:schemaLocation="http://www.loc.gov/MARC21/slim http://www.loc.gov/standards/marcxml/schema/MARC21slim.xsd"
    xmlns="http://www.loc.gov/MARC21/slim">

  <leader>01800nam a22003017a 4500</leader>
  <controlfield tag="003">DO-SdBNP</controlfield>
  <controlfield tag="005">20250606121936.0</controlfield>
  <controlfield tag="008">210301b  2020 dr ac 00| 0 eng d</controlfield>
  <datafield tag="020" ind1=" " ind2=" ">
    <subfield code="a">9789945917222</subfield>
  </datafield>
  <datafield tag="040" ind1=" " ind2=" ">
    <subfield code="a">DO-SdBNP</subfield>
    <subfield code="b">spa</subfield>
    <subfield code="c">BNPHU</subfield>
  </datafield>
  <datafield tag="082" ind1=" " ind2="4">
    <subfield code="a">398.2097293</subfield>
    <subfield code="b">T266c</subfield>
  </datafield>
  <datafield tag="100" ind1="1" ind2=" ">
    <subfield code="a">Tejeda Ort&#xED;z, Dagoberto, </subfield>
    <subfield code="d">1940-</subfield>
    <subfield code="9">1575</subfield>
  </datafield>
  <datafield tag="245" ind1="1" ind2="0">
    <subfield code="a">Ind&#xED;genismo, carnaval de identidad en Dominicana /</subfield>
    <subfield code="c">Dagoberto Tejeda Ort&#xED;z ; presentaci&#xF3;n  Juan Daniel Balc&#xE1;cer ; pr&#xF3;logo Jos&#xE9; Dom&#xED;nguez (Jochi) ; fotograf&#xED;as Mariano Hern&#xE1;ndez, Odalis Rosado.</subfield>
  </datafield>
  <datafield tag="260" ind1=" " ind2=" ">
    <subfield code="a">Santo Domingo : </subfield>
    <subfield code="b">Comisi&#xF3;n Permanente De Efem&#xE9;rides Patrias</subfield>
    <subfield code="c">2020.</subfield>
  </datafield>
  <datafield tag="300" ind1=" " ind2=" ">
    <subfield code="a">243 p. :</subfield>
    <subfield code="b">il., fots.;</subfield>
    <subfield code="c">23 cm. </subfield>
  </datafield>
  <datafield tag="500" ind1=" " ind2=" ">
    <subfield code="a">Incluye datos biogr&#xE1;ficos del autor en las solapas</subfield>
  </datafield>
  <datafield tag="504" ind1=" " ind2=" ">
    <subfield code="a">Bibliograf&#xED;a: p. 197-202 </subfield>
  </datafield>
  <datafield tag="505" ind1="0" ind2=" ">
    <subfield code="t">Dedicatoria -- </subfield>
    <subfield code="t">-Presentaci&#xF3;n --</subfield>
    <subfield code="t"> -Pr&#xF3;logo --</subfield>
    <subfield code="t">-Introducci&#xF3;n --</subfield>
    <subfield code="t">I- El descubrimiento descubierto -</subfield>
    <subfield code="t">II- Indigenismo e Identidad --</subfield>
    <subfield code="t">III. - Los indios y el carnaval --</subfield>
    <subfield code="t">IV - Comparsas de indios en la ciudad de Santo Domingo --</subfield>
    <subfield code="t">V. - Teatro y carnaval --</subfield>
    <subfield code="t">VI. - La ciudad de Santo Domingo y el barrio de San Carlos --</subfield>
    <subfield code="t">VII. - Comparsa de los indios de San Carlos --</subfield>
    <subfield code="t">VII. - Contenido tem&#xE1;tico del drama --</subfield>
    <subfield code="t">VIII. - Importancia y trascendencia del indigenismo --</subfield>
    <subfield code="t">IX. - indios, Ind&#xED;genas y carnaval --. </subfield>
    <subfield code="t">X. - Indigenismo, carnaval y sociedad 185.</subfield>
  </datafield>
  <datafield tag="590" ind1=" " ind2=" ">
    <subfield code="a">Inventariado, 2021 /LP

</subfield>
  </datafield>
  <datafield tag="650" ind1=" " ind2="0">
    <subfield code="a">Folclore</subfield>
    <subfield code="z">Rep&#xFA;blica Dominicana</subfield>
    <subfield code="9">33448</subfield>
  </datafield>
  <datafield tag="650" ind1=" " ind2="0">
    <subfield code="a">Identidad nacional </subfield>
    <subfield code="9">2163</subfield>
  </datafield>
  <datafield tag="651" ind1=" " ind2="4">
    <subfield code="a">Rep&#xFA;blica Dominicana</subfield>
    <subfield code="x">Vida social y costumbres </subfield>
    <subfield code="9">405</subfield>
  </datafield>
  <datafield tag="700" ind1="1" ind2=" ">
    <subfield code="a">Balc&#xE1;cer, Juan Daniel,</subfield>
    <subfield code="d">1949-</subfield>
    <subfield code="e">presentaci&#xF3;n  </subfield>
    <subfield code="9">6566</subfield>
  </datafield>
  <datafield tag="700" ind1="1" ind2=" ">
    <subfield code="a">Dom&#xED;nguez, Jos&#xE9;,</subfield>
    <subfield code="e">pr&#xF3;logo</subfield>
    <subfield code="9">77962</subfield>
  </datafield>
  <datafield tag="700" ind1="1" ind2=" ">
    <subfield code="a">Hern&#xE1;ndez, Mariano,</subfield>
    <subfield code="e">fotograf&#xED;as</subfield>
    <subfield code="9">77963</subfield>
  </datafield>
  <datafield tag="910" ind1=" " ind2=" ">
    <subfield code="a">Validado. Control de calidad MFF</subfield>
  </datafield>
  <datafield tag="942" ind1=" " ind2=" ">
    <subfield code="2">ddc</subfield>
    <subfield code="c">LBS1</subfield>
  </datafield>
  <datafield tag="952" ind1=" " ind2=" ">
    <subfield code="0">0</subfield>
    <subfield code="1">0</subfield>
    <subfield code="2">ddc</subfield>
    <subfield code="5">1</subfield>
    <subfield code="7">1</subfield>
    <subfield code="8">PD</subfield>
    <subfield code="a">BNPHU</subfield>
    <subfield code="b">PD</subfield>
    <subfield code="c">HD</subfield>
    <subfield code="d">2021-03-01</subfield>
    <subfield code="e">Dep&#xF3;sito Legal </subfield>
    <subfield code="l">0</subfield>
    <subfield code="o">BNPHU PD 398.2097293 T266c</subfield>
    <subfield code="p">2021-0499</subfield>
    <subfield code="r">2021-03-01</subfield>
    <subfield code="w">2021-03-01</subfield>
    <subfield code="y">LFPD</subfield>
  </datafield>
  <datafield tag="952" ind1=" " ind2=" ">
    <subfield code="0">0</subfield>
    <subfield code="1">0</subfield>
    <subfield code="2">ddc</subfield>
    <subfield code="5">1</subfield>
    <subfield code="7">2</subfield>
    <subfield code="8">PD</subfield>
    <subfield code="a">BNPHU</subfield>
    <subfield code="b">PD</subfield>
    <subfield code="c">HD</subfield>
    <subfield code="d">2021-03-01</subfield>
    <subfield code="e">Dep&#xF3;sito Legal </subfield>
    <subfield code="l">0</subfield>
    <subfield code="o">BNPHU PD 398.2097293 T266c</subfield>
    <subfield code="p">2021-0500</subfield>
    <subfield code="r">2021-03-01</subfield>
    <subfield code="t">e. 2</subfield>
    <subfield code="w">2021-03-01</subfield>
    <subfield code="y">LFPD</subfield>
  </datafield>
  <datafield tag="952" ind1=" " ind2=" ">
    <subfield code="0">0</subfield>
    <subfield code="1">0</subfield>
    <subfield code="2">ddc</subfield>
    <subfield code="5">6</subfield>
    <subfield code="7">0</subfield>
    <subfield code="8">DS</subfield>
    <subfield code="a">BNPHU</subfield>
    <subfield code="b">GR</subfield>
    <subfield code="c">HD</subfield>
    <subfield code="d">2021-03-01</subfield>
    <subfield code="e">Dep&#xF3;sito Legal </subfield>
    <subfield code="l">0</subfield>
    <subfield code="o">BNPHU DS 398.2097293 T266c</subfield>
    <subfield code="p">2021-0501</subfield>
    <subfield code="r">2021-03-01</subfield>
    <subfield code="t">e. 3</subfield>
    <subfield code="w">2021-03-01</subfield>
    <subfield code="y">LFDS</subfield>
  </datafield>
  <datafield tag="952" ind1=" " ind2=" ">
    <subfield code="0">0</subfield>
    <subfield code="1">0</subfield>
    <subfield code="2">ddc</subfield>
    <subfield code="5">6</subfield>
    <subfield code="7">0</subfield>
    <subfield code="8">DS</subfield>
    <subfield code="a">BNPHU</subfield>
    <subfield code="b">GR</subfield>
    <subfield code="c">HD</subfield>
    <subfield code="d">2021-03-01</subfield>
    <subfield code="e">Despacho de la BNPHU</subfield>
    <subfield code="l">0</subfield>
    <subfield code="o">BNPHU DS 398.2097293 T266c</subfield>
    <subfield code="p">2021-0502</subfield>
    <subfield code="r">2021-03-01</subfield>
    <subfield code="t">e. 4</subfield>
    <subfield code="w">2021-03-01</subfield>
    <subfield code="y">LFDS</subfield>
  </datafield>
  <datafield tag="999" ind1=" " ind2=" ">
    <subfield code="c">49467</subfield>
    <subfield code="d">49467</subfield>
  </datafield>
</record>
